000 00793nam a2200241Ia 4500
003 GCL
005 20240530102546.0
008 140319s9999 xx 000 0 ara d
040 _aGCL /
_cGCL
082 0 4 _a390.927
_bم و
100 1 _aمحمد قنديل البقلى
245 1 0 _aوحدة العادات والتقاليد بين مصر والشام /
_cمحمد قنديل البقلى
260 _aالقاهرة :
_bمكتبة الانجلوالمصرية
300 _a190 ص؛
_c20 سم
650 0 4 _aمصر
_xالعادات والتقاليد
650 0 4 _aالعادات والتقاليد
650 0 4 _aالزواج
650 0 4 _aالعرب
650 0 4 _aالامثال
650 0 4 _aالاداب الاجتماعية
650 0 4 _aالاعياد
942 _2ddc
_cBK
999 _c33032
_d33032